000 00230nam a2200109Ia 4500
100 _aJensin
942 _cBK
654 _aMaterials
245 _aStatics & Strength of Materials
260 _bMcGraw Hill
_c2001
546 _aENGLISH
999 _c24456
_d24456